| 000 | 00581 a2200193 4500 | ||
|---|---|---|---|
| 999 |
_c4239 _d4239 |
||
| 010 | _aENG-86221 | ||
| 020 |
_a9788120330818 _c250.00 |
||
| 035 | _aEN-69754 | ||
| 037 | _bDBAD / PUB | ||
| 082 | 1 | 4 | _a005.13 |
| 100 | 1 | _aSingh, Y.Kirani | |
| 245 | 1 |
_aMATLAB programming / _cby Y.Kirani Singh and B.B.Chaudhuri |
|
| 260 |
_aNew Delhi _bPrentice-Hall of India _c2007 |
||
| 270 |
_aM-97, Connaught Circus _bNew Delhi _e110 001 |
||
| 300 |
_axvii, 368p. _c24cm. (Pbk) |
||
| 500 | _aIncludes index | ||
| 700 | _aChaudhuri, B.B. | ||
| 942 |
_adpl _cEN _2ddc _h005.13 _mSIN |
||